000 00594nam a2200253Ia 4500
008 210210b2011 xxu||||| |||| 00| 0 eng d
020 _a8184672586
041 _aeng
082 _a535.6 LEEM
100 _aLEELA (N S)
245 _aMystery magic and music of colours: a scientific analysis Ed 1
250 _a
260 _aBangalore
_bNavakarnataka Prakashana
_c2011
300 _a143
650 _ascientific
650 _aMystery,
650 _amusic
650 _amagic
650 _acolours:
650 _aanalysis
650 _aa
690 _aOptics
906 _a073280
999 _c95566
_d95566